<?xml version="1.0" encoding="UTF-8"?>
<record
    xmlns:xsi="http://www.w3.org/2001/XMLSchema-instance"
    xsi:schemaLocation="http://www.loc.gov/MARC21/slim http://www.loc.gov/standards/marcxml/schema/MARC21slim.xsd"
    xmlns="http://www.loc.gov/MARC21/slim">

  <leader>01641nam a22002177a 4500</leader>
  <controlfield tag="001">3729</controlfield>
  <controlfield tag="003">FISKH</controlfield>
  <controlfield tag="005">20240425095806.0</controlfield>
  <controlfield tag="008">240425b        cb ||||| |||| 00| 0 eng d</controlfield>
  <datafield tag="040" ind1=" " ind2=" ">
    <subfield code="a">FISKH</subfield>
    <subfield code="b">khr</subfield>
    <subfield code="c">FISKH</subfield>
    <subfield code="d">FISKH</subfield>
  </datafield>
  <datafield tag="050" ind1=" " ind2=" ">
    <subfield code="a">PZ7 </subfield>
  </datafield>
  <datafield tag="082" ind1=" " ind2=" ">
    <subfield code="a">959.6033 </subfield>
  </datafield>
  <datafield tag="100" ind1=" " ind2=" ">
    <subfield code="a">Sot, Eng </subfield>
  </datafield>
  <datafield tag="245" ind1=" " ind2=" ">
    <subfield code="a">&#x17AF;&#x1780;&#x179F;&#x17B6;&#x179A;&#x200B; &#x1798;&#x17A0;&#x17B6;&#x1794;&#x17BB;&#x179A;&#x179F;&#x1781;&#x17D2;&#x1798;&#x17C2;&#x179A; : </subfield>
    <subfield code="b">&#x1796;&#x17D2;&#x179A;&#x17C7;&#x179A;&#x17B6;&#x1787;&#x1796;&#x1784;&#x17D2;&#x179F;&#x17B6;&#x179C;&#x178F;&#x17B6;&#x179A;&#x1781;&#x17D2;&#x1798;&#x17C2;&#x179A;  &#x178F;&#x17B6;&#x1798;&#x179F;&#x17B6;&#x179F;&#x17D2;&#x179A;&#x17D2;&#x178F;&#x17B6;&#x179F;&#x17D2;&#x179B;&#x17B9;&#x1780;&#x179A;&#x17B9;&#x178F; &#x1796;&#x17B7;&#x178F;&#x17A5;&#x178F;&#x1780;&#x17D2;&#x179B;&#x17C2;&#x1784;&#x1780;&#x17D2;&#x179B;&#x17B6;&#x1799; / </subfield>
    <subfield code="c">&#x17A2;&#x17D2;&#x1793;&#x1780;&#x179F;&#x17D2;&#x179A;&#x17B6;&#x179C;&#x1787;&#x17D2;&#x179A;&#x17B6;&#x179C; &#x17A2;&#x17C1;&#x1784;&#x200B; &#x179F;&#x17BB;&#x178F; ; &#x179F;&#x1798;&#x17B6;&#x1787;&#x17B7;&#x1780;&#x1793;&#x17C3;&#x1782;&#x178E;&#x1780;&#x1798;&#x17D2;&#x1798;&#x1780;&#x17B6;&#x179A; &#x1794;&#x17D2;&#x179A;&#x179C;&#x178F;&#x17D2;&#x178F;&#x17B7;&#x179F;&#x17B6;&#x179F;&#x17D2;&#x179A;&#x17D2;&#x178F; &#x1793;&#x17B7;&#x1784;&#x179C;&#x1794;&#x17D2;&#x1794;&#x1792;&#x1798;&#x17CD; </subfield>
  </datafield>
  <datafield tag="260" ind1=" " ind2=" ">
    <subfield code="a">&#x1797;&#x17D2;&#x1793;&#x17C6;&#x1796;&#x17C1;&#x1789;: </subfield>
    <subfield code="b">&#x1782;&#x17D2;&#x179A;&#x17B9;&#x17C7;&#x179F;&#x17D2;&#x1790;&#x17B6;&#x1793;&#x1794;&#x17C4;&#x17C7;&#x1796;&#x17BB;&#x1798;&#x17D2;&#x1796; &#x1793;&#x17B7;&#x1784; &#x1785;&#x17C2;&#x1780;&#x1795;&#x17D2;&#x179F;&#x17B6;&#x1799; &#x1793;&#x17C3;&#x1780;&#x17D2;&#x179A;&#x179F;&#x17BD;&#x1784;&#x17A2;&#x1794;&#x17CB;&#x179A;&#x17C6; &#x1799;&#x17BB;&#x179C;&#x1787;&#x1793;&#x200B; &#x1793;&#x17B7;&#x1784; &#x1780;&#x17B8;&#x17A1;&#x17B6;, </subfield>
    <subfield code="c">2001.</subfield>
  </datafield>
  <datafield tag="300" ind1=" " ind2=" ">
    <subfield code="a">250 pages : </subfield>
    <subfield code="b">illustrations ; </subfield>
    <subfield code="c">25 cm </subfield>
  </datafield>
  <datafield tag="520" ind1=" " ind2=" ">
    <subfield code="a">&#x179F;&#x17C0;&#x179C;&#x1797;&#x17C5;&#x1793;&#x17C1;&#x17C7;&#x1794;&#x17B6;&#x1793;&#x179C;&#x17C1;&#x1789;&#x1794;&#x1789;&#x17D2;&#x1785;&#x17BC;&#x179B;&#x1782;&#x17D2;&#x1793;&#x17B6;&#x1793;&#x17BC;&#x179C;&#x17AF;&#x1780;&#x179F;&#x17B6;&#x179A;&#x1798;&#x17A0;&#x17B6;&#x1794;&#x17BB;&#x179A;&#x179F;&#x1781;&#x17D2;&#x1798;&#x17C2;&#x179A;&#x1791;&#x17B6;&#x17C6;&#x1784; &#x17E7;&#x17D4; &#x179C;&#x17B6;&#x1793;&#x17B7;&#x1799;&#x17B6;&#x1799;&#x1796;&#x17B8;&#x1796;&#x1784;&#x17D2;&#x179F;&#x17B6;&#x179C;&#x178F;&#x17B6;&#x179A;&#x1781;&#x17D2;&#x1798;&#x17C2;&#x179A;&#x1796;&#x17B8;&#x179F;&#x1798;&#x17D0;&#x1799;&#x1795;&#x17C2;&#x1793;&#x178A;&#x17B8;&#x1796;&#x17D2;&#x179A;&#x17C7;&#x1794;&#x17B6;&#x1791;&#x17A2;&#x1784;&#x17D2;&#x1782;&#x1787;&#x17D0;&#x1799; &#x179A;&#x17A0;&#x17BC;&#x178F;&#x178A;&#x179B;&#x17CB;&#x1795;&#x17C2;&#x1793;&#x178A;&#x17B8;&#x1796;&#x17D2;&#x179A;&#x17C7;&#x1794;&#x17B6;&#x1791;&#x1793;&#x179A;&#x17C4;&#x178F;&#x17D2;&#x178F;&#x1798;&#x17D4;</subfield>
  </datafield>
  <datafield tag="520" ind1=" " ind2=" ">
    <subfield code="a">This book is a compilation of the documents of the seven great Khmer heroes. It talks about the Khmer genealogy from the time of King Ang Chey to the time of King Norodom.</subfield>
  </datafield>
  <datafield tag="942" ind1=" " ind2=" ">
    <subfield code="2">ddc</subfield>
    <subfield code="c">KHB</subfield>
    <subfield code="n">0</subfield>
  </datafield>
  <datafield tag="999" ind1=" " ind2=" ">
    <subfield code="c">3729</subfield>
    <subfield code="d">3729</subfield>
  </datafield>
  <datafield tag="952" ind1=" " ind2=" ">
    <subfield code="0">0</subfield>
    <subfield code="1">0</subfield>
    <subfield code="2">ddc</subfield>
    <subfield code="4">0</subfield>
    <subfield code="7">0</subfield>
    <subfield code="8">REF</subfield>
    <subfield code="a">001</subfield>
    <subfield code="b">001</subfield>
    <subfield code="c">OKHR</subfield>
    <subfield code="d">2024-04-25</subfield>
    <subfield code="l">0</subfield>
    <subfield code="o">SOT 959.6033 PZ7 </subfield>
    <subfield code="p">FISTK03559</subfield>
    <subfield code="r">2024-04-25 09:58:02</subfield>
    <subfield code="t">1</subfield>
    <subfield code="w">2024-04-25</subfield>
    <subfield code="y">KHB</subfield>
  </datafield>
  <datafield tag="952" ind1=" " ind2=" ">
    <subfield code="0">0</subfield>
    <subfield code="1">0</subfield>
    <subfield code="2">ddc</subfield>
    <subfield code="4">0</subfield>
    <subfield code="7">0</subfield>
    <subfield code="8">KH</subfield>
    <subfield code="a">002</subfield>
    <subfield code="b">002</subfield>
    <subfield code="c">SKB</subfield>
    <subfield code="d">2025-10-28</subfield>
    <subfield code="l">0</subfield>
    <subfield code="o">SOT 959.6033 PZ7 </subfield>
    <subfield code="p">FIS04010</subfield>
    <subfield code="r">2025-10-28 11:18:26</subfield>
    <subfield code="t">2</subfield>
    <subfield code="w">2025-10-28</subfield>
    <subfield code="y">KHB</subfield>
  </datafield>
</record>
